Fisiología del esfuerzo y del deporte

Na minha lista:
Detalhes bibliográficos
Main Authors: Wilmore, Jack H (Author), Costill, David L (Author)
Formato: Livro
Idioma:espanhol
Publicado em: Barcelona Paidotribo 2001
Edição:4a. ed
Assuntos:
Tags: Adicionar Tag
Sem tags, seja o primeiro a adicionar uma tag!

MARC

LEADER 00000nam a2200000 a 4500
001 UCL6432
003 CL-VaPUC
008 040402e20010000SP |||||||||||||||||spa|d
020 |a 8480193484 
082 0 4 |a 612.044  |b WIL  |2 21 
100 0 |a Wilmore, Jack H  |e author  |9 484135 
700 0 |a Costill, David L  |e author  |9 484136 
245 1 0 |a Fisiología del esfuerzo y del deporte 
250 |a 4a. ed 
300 |a 546 p 
942 |c BK 
945 |d 20040402 00:00:00  |a cmena 
260 |a Barcelona  |b Paidotribo  |c 2001 
650 0 |a Fisiología humana   |9 269557 
650 7 |a ENTRENAMIENTO ATLETICO  |2 CL-VaPUC  |9 484137 
650 0 |a Deportes  |9 224367 
650 0 |a Ejercicios físicos  |9 307296 
650 0 |a Aptitud física   |9 373835 
583 |a last modification  |c 20040402 00:00:00  |k Rodrigo Vera 
999 |c 308540  |d 308538 
952 |0 0  |1 0  |4 0  |6 612_044000000000000_WIL_2001  |7 0  |8 A  |9 375147  |a BIBCUR  |b BIBCUR  |d 2019-11-21  |i 4003330  |o 612.044 WIL 2001  |p 4003330  |r 2025-04-22  |w 2019-11-21  |y BK  |k KIN 
952 |0 0  |1 0  |4 0  |6 612_044000000000000_WIL_2001  |7 0  |8 A  |9 375148  |a BIBCUR  |b BIBCUR  |d 2019-11-21  |i 1087452  |o 612.044 WIL 2001  |p 1087452  |r 2025-04-22  |w 2019-11-21  |y BK  |k KIN